000 00294nam a22001337a 4500
008 170606b xxu||||| |||| 00| 0 eng d
020 _a9780300072808
041 _aeng
080 _a94(6)
100 _a18
101 _aSHH
245 _aTHE PEOPLONG OF AFRICA
_cNEWMAN,J.L
942 _2udc
_cBK
999 _c16107
_d16107